Be-ʻiḳvot melakhim u-mordim be-Midbar Yehudah / (Record no. 32519)

MARC details
000 -LEADER
fixed length control field 00734cam a22002411 4500
001 - CONTROL NUMBER
control field he 67001470
003 - CONTROL NUMBER IDENTIFIER
control field DLC
005 - DATE AND TIME OF LATEST TRANSACTION
control field 20260227111448.0
008 - FIXED-LENGTH DATA ELEMENTS--GENERAL INFORMATION
fixed length control field 830127s1966 is ab 000 0 heb
010 ## - LIBRARY OF CONGRESS CONTROL NUMBER
LC control number he 67001470
035 ## - SYSTEM CONTROL NUMBER
System control number (OCoLC)19167777
040 ## - CATALOGING SOURCE
Original cataloging agency DLC
Transcribing agency MH
Modifying agency CU
-- DLC
042 ## - AUTHENTICATION CODE
Authentication code premarc
050 00 - LIBRARY OF CONGRESS CALL NUMBER
Classification number DS110.J8
Item number A6 1966
100 1# - MAIN ENTRY--PERSONAL NAME
Personal name Aharoni, Yohanan,
Dates associated with a name 1919-1976.
245 10 - TITLE STATEMENT
Title Be-ʻiḳvot melakhim u-mordim be-Midbar Yehudah /
Statement of responsibility, etc. me-et Yoḥanan Aharoni u-Beno Rotenberg.
250 ## - EDITION STATEMENT
Edition statement Mahadurah 4.
260 ## - PUBLICATION, DISTRIBUTION, ETC.
Place of publication, distribution, etc. Tel Aviv :
Name of publisher, distributor, etc. Masadah,
Date of publication, distribution, etc. [1966]
300 ## - PHYSICAL DESCRIPTION
Extent 189 p. :
Other physical details ill., maps, plans ;
Dimensions 23 cm.
651 #0 - SUBJECT ADDED ENTRY--GEOGRAPHIC NAME
Geographic name Judaea, Wilderness of
General subdivision Antiquities.
700 1# - ADDED ENTRY--PERSONAL NAME
Personal name Rothenberg, Benno.
752 ## - ADDED ENTRY--HIERARCHICAL PLACE NAME
Country or larger entity Israel
City Tel Aviv

No items available.

Powered by Koha